00677nam a2200193Ia 4500008004100000020001800041082001400059100002000073245004600093250000700139260007000146300002300216500001900239600002100258650005000279942000700329952013000336999001700466240925s9999 xx 000 0 und d a9781259029981 a006.3 KHE aKhemani, Deepak 2aA First Course in Artificial Intelligence aNA aNew Delhi:bMcGraw Hill Education (India) Private Limitedc,2013. a608p.b0fOriginal aIncludes Index aComputer Science aComputer science, information & general works cBK 001040708CSaUITUbUITUd2017-09-25eH & S Enterprisesg1542.07l0o006.3 KHEpQ11371r2024-09-25 07:16:03w2024-09-25yBK c13870d13870